000 00491nam a22001937a 4500
003 MPLRDC
005 20220104160514.0
008 210129b ||||| |||| 00| 0 eng d
020 _a981-05-3923-5
082 _a848.3 ZXX v.37
100 _a张小娴
245 _a我在云上爱你
_c
250 _a初版
260 _a新加坡
_b皇冠出版社(新)有限公司
_c2005
300 _b
490 _a张小娴皇冠丛书
650 _a现代别集
942 _cBK
_o848.3 ZXX v.37
999 _c55022
_d55012